Catálogo público

Cuarto informe de labores periodo agosto de 2010 a mayo de 2011 : (Record no. 217602)

MARC details
000 -CABECERA
campo de control de longitud fija 00869nam a22002177a 4500
005 - FECHA Y HORA DE LA ÚLTIMA TRANSACCIÓN
campo de control 20220816132924.0
008 - DATOS DE LONGITUD FIJA--INFORMACIÓN GENERAL
campo de control de longitud fija 220816s2011 mx a|||f |||| 00| 0 spa d
040 ## - FUENTE DE LA CATALOGACIÓN
Centro/agencia transcriptor CHAP
Normas de descripción rda
082 ## - NÚMERO DE LA CLASIFICACIÓN DECIMAL DEWEY
Número de clasificación 378.1017252
Número de documento/Ítem P34
Número de edición 22
100 0# - ENTRADA PRINCIPAL--NOMBRE DE PERSONA
9 (RLIN) 86804
Nombre de persona Peña Lomelí, Aureliano
245 ## - MENCIÓN DE TÍTULO
Título Cuarto informe de labores periodo agosto de 2010 a mayo de 2011 :
Resto del título balance integral de resultados periodo mayo de 2007 a mayo de 2011 /
Mención de responsabilidad, etc. por Aureliano Peña Lomelí.
246 ## - FORMA VARIANTE DE TÍTULO
Título propio/Titulo breve Balance de integral de resultados periodo mayo de 2007 a mayo de 2011.
264 ## - PRODUCCIÓN, PUBLICACIÓN, DISTRIBUCIÓN, FABRICACIÓN Y COPYRIGHT
Producción, publicación, distribución, fabricación y copyright Chapingo, México :
Nombre del de productor, editor, distribuidor, fabricante UACH :
-- UPOM :
Fecha de producción, publicación, distribución, fabricación o copyright 2007,
300 ## - DESCRIPCIÓN FÍSICA
Extensión 117 páginas :
Otras características físicas figuras, tablas, imágenes.
336 ## - TIPO DE CONTENIDO
Término de tipo de contenido texto
Código de tipo de contenido txt
Fuente rdacontenido
337 ## - TIPO DE MEDIO
Nombre/término del tipo de medio sinmedio
Código del tipo de medio n
Fuente rdamedia
338 ## - TIPO DE SOPORTE
Nombre/término del tipo de soporte volumen
Código del tipo de soporte nc
Fuente rdacarrier
650 #7 - PUNTO DE ACCESO ADICIONAL DE MATERIA--TÉRMINO DE MATERIA
9 (RLIN) 115801
Término de materia o nombre geográfico como elemento de entrada UACH
Subdivisión general Administración
650 #2 - PUNTO DE ACCESO ADICIONAL DE MATERIA--TÉRMINO DE MATERIA
9 (RLIN) 128937
Término de materia o nombre geográfico como elemento de entrada UACH
Subdivisión de forma Informes
942 ## - ELEMENTOS DE PUNTO DE ACCESO ADICIONAL (KOHA)
Fuente del sistema de clasificación o colocación Dewey Decimal Classification
Tipo de ítem Koha Libro
Holdings
Estado de retiro Estado de pérdida Fuente del sistema de clasificación o colocación Estado dañado Restricciones de uso No para préstamo Código de colección Localización permanente Ubicación/localización actual Ubicación en estantería Fecha de adquisición Total de préstamos Signatura topográfica completa Código de barras En préstamo Fecha visto por última vez Fecha del último préstamo Precio válido a partir de Tipo de ítem Koha Número de copia
    Dewey Decimal Classification   Préstamo 15 días   Publicaciones UACh Biblioteca Central Biblioteca Central Planta alta - Área de Tesis - UACh 16/08/2022 1 378.1017252 P34 33724002567347 12/06/2024 28/05/2024 28/05/2024 16/08/2022 Libro  
    Dewey Decimal Classification   Préstamo 15 días   General Biblioteca Central Biblioteca Central Planta alta - Colección General 19/04/2024   378.1017252 P34 33724002585230   19/04/2024   19/04/2024 Libro c.2